000 00825cam a22002412 4500
001 0000001678
005 20151217145725.0
008 070321s xx 000 0 eng d
020 _a0072290757 :
040 _aKABU
_cKABU
050 0 _aHD30.28
_b.P43 2000
100 1 _aPearce, John A.
_@0000150621
245 1 0 _aStrategic management :
_bformulation, implementation, and control /
_cJohn A. Pearce II, Richard B. Robinson, Jr.
250 _a7th ed.
260 _aBoston :
_bIrwin/McGraw-Hill,
_cc2000.
300 _a1 v. (various pagings) :
_bill. ;
_c26 cm.
504 _aIncludes bibliographical references and indexes.
650 0 _aStrategic planning.
_@0000150576
700 1 _aRobinson, Richard Braden.
_@0000160076
908 _a070321
950 _@1
999 _c1923
_d1923